Earth, clay and chalk walls (Record no. 105911)

MARC details
000 -LEADER
fixed length control field 00883cam a2200241 4500
001 - CONTROL NUMBER
control field ##L135082
008 - FIXED-LENGTH DATA ELEMENTS--GENERAL INFORMATION
fixed length control field 060925n2006 000 0 eng u
020 ## - INTERNATIONAL STANDARD BOOK NUMBER
International Standard Book Number 1860819346
035 ## - SYSTEM CONTROL NUMBER
System control number (Sirsi) u135082
041 0# - LANGUAGE CODE
Language code of text/sound track or separate title eng
050 04 - LIBRARY OF CONGRESS CALL NUMBER
Classification number 693.22 $2 18
100 1# - MAIN ENTRY--PERSONAL NAME
Personal name Trotman, Peter
245 00 - TITLE STATEMENT
Title Earth, clay and chalk walls
Remainder of title inspection and repair methods
260 ## - PUBLICATION, DISTRIBUTION, ETC.
Place of publication, distribution, etc. Watford
Name of publisher, distributor, etc. BRE
Date of publication, distribution, etc. 2006
300 ## - PHYSICAL DESCRIPTION
Extent 8p.
Other physical details ill.
Dimensions 30cm.
490 #0 - SERIES STATEMENT
Series statement BRE Good Repair Guide
Volume/sequential designation 35
520 ## - SUMMARY, ETC.
Summary, etc. Examines the variety of earth-walling techniques used throughout the UK in the past, and the problems which can affect them. Looks at traditional methods of repair for this type of structure.
590 ## - LOCAL NOTE (RLIN)
Local note IKA031006
651 #4 - SUBJECT ADDED ENTRY--GEOGRAPHIC NAME
Geographic name United Kingdom
Chronological subdivision
690 ## - LOCAL SUBJECT ADDED ENTRY--TOPICAL TERM (OCLC, RLIN)
Topical term or geographic name as entry element BUILT ENVIRONMENT-BUILDING MATERIALS-NON CEMENTITIOUS MATERIALS-NATURAL SOILS
710 1# - ADDED ENTRY--CORPORATE NAME
Corporate name or jurisdiction name as entry element Building Research Establishment
942 ## - ADDED ENTRY ELEMENTS (KOHA)
Suppress in OPAC 0
Holdings
Withdrawn status Lost status Source of classification or shelving scheme Damaged status Not for loan Home library Current library Shelving location Date acquired Total Checkouts Full call number Barcode Date last seen Copy number Price effective from Koha item type
    Dewey Decimal Classification     London London Books 25/09/2006   ENQUIRY DESK 30073296 06/08/2019 1 06/08/2019 Book